| 000 | 00494nam a22001937a 4500 | ||
|---|---|---|---|
| 005 | 20200314142108.0 | ||
| 008 | 200314b xxu||||| |||| 00| 0 eng d | ||
| 020 |
_a9789389231045 _c₹ 350 |
||
| 040 | _beng | ||
| 041 | _aEnglish | ||
| 082 |
_aF _bGUR |
||
| 100 | _aGurung, Madhu | ||
| 245 |
_aTibet with my eyes closed _bstories _cMadhu Gurung |
||
| 260 |
_aNew Delhi _bSpeaking Tiger _c2019 |
||
| 300 |
_axvi,253p _b23 cm |
||
| 650 | _aFiction in English | ||
| 850 | _aLCLIB | ||
| 942 | _cBK | ||
| 999 |
_c42698 _d93177 |
||